000 02311nam a2200373 a 4500
003 CHAP
005 20240520132728.0
007 ta
008 220809s2020 mx eodbfr|||| 001 0 spa d
040 _amxchpua
090 _aT.C.849
_bL67 EIUPA
_c2020
245 1 0 _aReporte de prácticas de campo en la empresa Green Hills Coffee, Medellín, Colombia /
_ccoordinadores Vicente López Bautista y Evelio Aguilar Gudino ; colaboradores Zaida Álvarez Juárez...[y otros]
260 _aChapingo, México :
_bEl autor,
_c2020
300 _a177 hojas :
_bilustraciones, gráficas, planos, fotos +
_e1 CD-ROM
336 _2rdacontent
_atexto
_btxt
337 _2rdamedia
_ano mediado
_bn
338 _2rdacarrier
_avolumen
_bnc
500 _aGrado: 7° año Grupo: 02, 04 y 05
502 _aViaje de Estudios
_b(EIUPA) --
_cUACh. Departamento de Ingeniería Agroindustrial,
_d2020
504 _aBibliografía: hojas 117-119
505 0 _aContiene10 planos: -- 1. Plano de Distribución de áreas Finca La Loma 1 (Esc. 1:20) -- 2. Plano de Distribución de áreas La Loma 2 (Esc. 1:20) -- 3. Plano de Distribución de áreas Finca La Merced (Esc. 1:30) -- 4. Plano de Distribución de equipo Finca La Merced (Esc. 1:30) -- 5. Plano de Distribución de áreas Trilladora (Esc. 1:20) -- 6. Plano de Distribución de equipo Trilladora (Esc. 1:20) -- 7. Plano de Diagrama de flujo del Beneficio Húmedo -- 8. Plano de Diagrama de flujo del Beneficio Seco -- 9. Plano de recorrido en el proceso de trilla (Esc. 1:20) -- 10. Plano DTI
650 1 3 _aCafé
_xOrganización industrial y estructura de mercado
_zColombia
_zMedellín
650 1 3 _aSemillas de café
_xCalidad de los cultivos
650 1 3 _aProductos del café
_xControl de calidad
650 1 3 _aProductos del café
_xComercialización
650 1 3 _aCoffee
_xIndustrial organization and market structure
_zColombia
_zMedellín
650 1 3 _aCoffee beans
_xCrop quality
650 1 3 _aCoffee products
_xQuality control
650 1 3 _aCoffee products
_xCommercialization
700 1 _aLópez Bautista, Vicente
_ecoordinador
_9147030
700 1 _aAguilar Gudino, Evelio
_ecoordinador
_9149929
700 1 _9185329
_aÁlvarez Juárez, Zaida
_ecolaborador
856 4 1 _uhttp://10.13.5.2/ve/T_C_849_EIUPA/T_C_849_EIUPA_2020_REPORTE.pdf
_yDESCARGAR REPORTE
999 _c217591
_d217591